LEADER 01044nam a2200205 i 4500 001 000000252015 003 CaOOAMICUS 005 20161212000000.0 008 161212s1798 it u000 u fre u 013 $a230920 026 $as-e. ..a- ise- c*en (3) 1798 (F) 040 $aSeMil$bita 245 10$aTome 2. 300 $a[4], 295, [1] p. 500 $aSegn.: pg2 A-S8 T4. 773 0 $tEsprit de Mirabeau, ou Manuel de l'homme d'état, des publicistes, des fonctionnaires et des orateurs; divisé par ordre de matières ... ; extrait de tous les ouvrages de Gabriel-Honoré Riquetti de Mirabeau, et suivi d'un précis historique de sa vie ainsi que d'une table alphabétique et raisonnée des matières. Tome 1. [-4.].$dMilan : De l' Imprimerie Italienne et Française, à S. Zeno, n. 534, an 1. de la République Cisalpine 1797.$g2$w()21966 850 $aSeMil 852 $aSeMil$W1$xVenegono$y1$m3N III 25 FA$j202361$B202361$CSeMilBibl$Z2$F215097 $8I 961 $aRecupero: Mantegazza 996 $6245$aTome 2$9(OLS)http://semarc/title/1533 LEADER 01097nam a2200253 i 4500 001 000000079963 003 CaOOAMICUS 005 20171127000000.0 008 171127s1981 it u000 u ita u 013 $a52201 020 $a88-01-11632-2 040 $aSeMil$bita 100 1 $aMoloney, Francis James.$0(OLS)http://semarc/name/59101 240 10$aDisciples and prophets : a biblical model for the religious life.$0(OLS)http://semarc/title/403758 245 10$aDiscepoli e profeti :$bun modello biblico per la vita religiosa /$cFrancis J. Moloney. 260 $aTorino :$bElle Di Ci,$c1981. 300 $a279 p. ;$c20 cm. 650 4$aVita religiosa - Spiritualità.$0(OLS)http://semarc/subject/1528 850 $aSeMil 852 $aSeMil$W1$xVenegono$y1$m3G II 363$j45572$B45572$CSeMilBibl$Z2$F47560 $81 961 $aOmaggio: Altro 996 $6020$a88-01-11632-2$9(OLS)http://semarc/number/270676 996 $6245$aDiscepoli e profeti :$bun modello biblico per la vita religiosa$9(OLS)http://semarc/title/403757 996 $6260$aTorino :$bElle Di Ci$9(OLS)http://semarc/publisher/38594